El padre Hurtado

Sparad:
Bibliografiska uppgifter
Huvudupphovsman: Magnet Pagueguy, Alejandro (autor)
Materialtyp: Bok
Språk:spanska
Publicerad: Santiago Editorial Salesiana 1978
Upplaga:2a. ed
Ämnen:
Taggar: Lägg till en tagg
Inga taggar, Lägg till första taggen!

MARC

LEADER 00000nam a2200000 a 4500
001 UCY1705
003 CL-VaPUC
008 940913e19780000CL |||||||||||||||||spa|d
082 0 4 |a 282.092  |b MAG  |2 21 
100 |a Magnet Pagueguy, Alejandro  |e autor  |9 484267 
245 1 3 |a El padre Hurtado 
250 |a 2a. ed 
300 |a 108 p 
942 |c BK 
945 |d 19940913 00:00:00  |a aalvarez 
260 |a Santiago  |b Editorial Salesiana  |c 1978 
600 0 |a Hurtado Cruchaga, Alberto   |d 1901-1952  |9 309962 
650 0 |a Biografías  |9 255210 
650 7 |a SACERDOTES CHILENOS  |2 CL-VaPUC  |9 309963 
583 |a last modification  |c 19940913 00:00:00  |k Rodrigo Vera 
999 |c 230323  |d 230321 
952 |0 0  |1 0  |4 0  |6 282_092000000000000_MAG_1978  |7 0  |8 A  |9 232489  |a BIBEDU  |b BIBEDU  |d 2019-11-15  |i 3014606  |o 282.092 MAG 1978  |p 3014606  |r 2019-11-15  |w 2019-11-15  |y BK  |k EDU